00904cam a22002771a 4500001001300000003000400013005001700017008004100034010001700075035001800092040002400110043001200134050001600146070002400162100004800186245008100234260008500315300003800400440002300438500001700461504002500478650004300503651003300546700003000579999001700609agr65000296 DLC20260227111024.0730808s1965 dcubd bs f000 0 eng  aagr65000296  a(OCoLC)674548 aDLCcNhDdDNALdDLC af------00aHD2117b.W30 aA281.9bAg83 no.1281 aWarren, Cline J.q(Cline Jefferson),d1928-10aAgriculture of Northern Africa /c[by Cline J. Warren and Carolee Santmyer]. aWashington, D.C. :bU.S. Dept. of Agriculture, Economic Research Service,c1965. av, 56 p. :bcharts, map ;c26 cm. 0aERS-foreign ;v128 aCover title. aBibliography: p. 34. 0aAgriculturexEconomic aspectszAfrica. 0aAfricaxEconomic conditions.1 aSantmyer, Carolee,d1936- c12019d12019